000 00896nam a2200265Ia 4500
003 OSt
005 20221005062838.0
006 a|||||r|||| 00| 0
007 ta
008 221004b |||||||| |||| 00| 0 eng d
020 _a9789400742666 (hbk)
_c10772.86
024 _a13565
037 _b11490, 27/03/2014, Elite Publishers Distributors
_cTextual
040 _aCRL
_cCRL
_beng
041 _2eng
_aeng
082 _aY73(Q7).1, Q3
100 _aMarsden Magnus Ed.
_9602274
245 0 _aArticulating Islam
_b Anthropological approaches to Muslim worlds
260 _aLondon
_bSpringer UK
_c2013
300 _aviii,265p.
_ccm.
650 _aSOCIOLOGY
700 _a Retsikas Konstantinous Ed.
_9602275
942 _hY73(Q7).1, Q3
_cTEXL
_2cc
999 _c970354
_d970354